00570nam a2200205 4500003000400000005001700004008004100021020001500062040001800077050001600095100003100111245006100142264004100203300001800244336002200262337002400284338002400308942001500332999001700347OSt20260530115312.0260506b |||||||| |||| 00| 0 eng d a0942604660 aICIbspacICI aHT151b.U731 aDiebler Finke, Gail93295710aUrban Identities: bCreating city images throught Design 1bMadison Square Pressc1998aNew York a188 páginas atexto2rdacontent asin medio2rdamedia avolumen2rdacarrier 2ddccBKn1 c13402d13402